LEADER 00931nam a2200265 i 4500 001 991003698049707536 008 080609s1981 xxu 000 0 eng d 020 $a0387905480 035 $ab13738781-39ule_inst 040 $aSet. Economia$bita 082 $a519.54 100 1 $aMiller, Rupert G.,$cjr.$012503 245 10$aSimultaneous statistical inference /$cRupert G. Miller 250 $a2. ed 260 $aNew York :$bSpringer,$cc1981 300 $axvi, 299 p. ;$c24 cm 440 0$aSpringer series in statistics 650 04$aAnalisi multivariata 650 04$aStatistica non parametrica 907 $a.b13738781$b13-03-15$c09-06-08 912 $a991003698049707536 945 $aLE025 ECO 519.5 MIL01.01$g1$i2025000113510$lle025$o-$pE0.00$q-$rl$s- $t0$u0$v0$w0$x0$y.i14771585$z09-06-08 996 $aSimultaneous statistical inference$9117625 997 $aUNISALENTO 998 $ale025$b09-06-08$cm$da $e-$feng$gxxu$h0$i0 LEADER 00865nam a2200253 i 4500 001 991000204359707536 005 20020527110754.0 008 010810s1980 it ||| | ita 035 $ab10044759-39ule_inst 035 $aPARLA217167$9ExL 040 $aDip.to Filosofia$bita 082 0 $a372.218 100 1 $aTonucci, Francesco$0144940 245 10$aAppunti sulla scuola dell'infanzia /$cFrancesco Tonucci 260 $aMilano :$bFabbri,$c1980 300 $a126 p. :$bill. ;$c27 cm. 490 0 $aFabbri scuola 650 4$aScuola materna 907 $a.b10044759$b17-02-17$c27-06-02 912 $a991000204359707536 945 $aLE005 5 E 9$g1$iLE005A-15075$lle005$o-$pE0.00$q-$rl$s- $t0$u0$v0$w0$x0$y.i10052720$z27-06-02 996 $aAppunti sulla scuola dell'infanzia$9193061 997 $aUNISALENTO 998 $ale005$b01-01-01$cm$da $e-$fita$git $h0$i1